In the wonderland of investment (Record no. 33604)

MARC details
000 -LEADER
fixed length control field 00269nam a2200109Ia 4500
082 ## - DEWEY DECIMAL CLASSIFICATION NUMBER
Classification number 330.322
Item number SHA
100 ## - MAIN ENTRY--AUTHOR NAME
Personal name SHANBAG, b N
245 #0 - TITLE STATEMENT
Title In the wonderland of investment
260 ## - PUBLICATION, DISTRIBUTION, ETC. (IMPRINT)
Place of publication Bombay
Name of publisher Jaico
Year of publication 1979
942 ## - ADDED ENTRY ELEMENTS (KOHA)
Koha item type Books
Holdings
Withdrawn status Lost status Damaged status Not for loan Home library Current library Date acquired Full call number Accession Number Koha item type
        RRII Library RRII Library 16/12/2021 330.322 SHA 14071 Books